000 00565nmm a2200181Ia 4500
008 251105s9999||||xx |||||||||||||||||und||
020 _a8482802178
041 _aspa
100 _aCherician, David
245 0 _aGuía de lectura de : Cien años de soledad, de Gabriel García Márquez
264 _a[Bogotá, Colombia] :
_bOveja Negra,
_c1999
300 _a60 páginas
650 _aLatin American literature
700 _aCherician, David
700 1 _a Díaz Granados, José Luis
856 _uhttps://public.digitaliapublishing.com/a/29532
942 _cCF
999 _c63957
_d63957